| 000 | 00878cab a2200253 4500 | ||
|---|---|---|---|
| 001 | ABS54019 | ||
| 008 | 090401t1995 xxu||||| |||| 00| 0 eng d | ||
| 035 | _a(Sirsi) u7910 | ||
| 041 | _aeng | ||
| 245 | _aBritish Telecom plc v Sun Life Assurance Society plc | ||
| 260 | _c1995 | ||
| 350 | _a0 | ||
| 490 |
_aEstates Gazette _v[1995] 45 EG 133-135(3) |
||
| 520 | _aCA 28 July 1995. Sun Life appealed against the decision that they were in breach of their covenant to repair as soon as the repair became necessary, and not on the expiration of a `reasonable period` of time. Appeal dismissed. | ||
| 650 | _aBRITISH TELECOM PLC V SUN LIFE ASSURANCE SOCIETY PLC | ||
| 650 | _aCOVENANT TO REPAIR | ||
| 650 | _aCOVENANTS | ||
| 650 | _aDEFECTS | ||
| 650 | _aDISREPAIR | ||
| 650 | _aLEASES | ||
| 690 | _aLANDLORD AND TENANT-CASE LAW | ||
| 942 | _n0 | ||
| 948 | _c04/03/1997 | ||
| 999 |
_c4814 _d4814 |
||